[Event "IECC CL7-2005.08 email"]
[Site "IECC email"]
[Date "2005.05.09"]
[Round "?"]
[White "Carvalho, Mauro"]
[Black "Nikolic, Dejan"]
[Result "1/2-1/2"]
[WhiteElo "1149"]
[BlackElo "1084"]
[PlyCount "70"]
[EventDate "2005.??.??"]
[EventType "tourn (corr)"]
[EventRounds "4"]
[SourceTitle "Corr 2008"]
[Source "ChessBase"]
[SourceDate "2008.06.24"]
[SourceVersion "1"]
[SourceVersionDate "2008.06.24"]
[SourceQuality "1"]

1. c4 e6 2. Nc3 Nf6 3. e3 d5 4. Nf3 c5 5. cxd5 exd5 6. g3 d4 7. exd4 cxd4 8. Qa4+ Bd7 9. Qxd4 Nc6 10. Qe3+ Be7 11. Bg2 0-0 12. a3 a5 13. 0-0 Be6 14. Qe1 Bc4 15. Ne2 Bd3 16. Qd1 Qb6 17. Ne1 Be4 18. Bxe4 Nxe4 19. d3 Rfd8 20. Qc2 Nf6 21. Be3 Qc7 22. Qb3 Qd7 23. Nf4 Rab8 24. Nf3 Nd5 25. Nxd5 Qxd5 26. Qxd5 Rxd5 27. Rfd1 Rbd8 28. d4 Bf6 29. Rac1 Rc8 30. b3 Be7 31. a4 Rcd8 32. Kg2 Bf6 33. h4 h5 34. Rc4 g6 35. Rd2 Be7 1/2-1/2

[Event "IECC CL7-2005.08 email"]
[Site "IECC email"]
[Date "2005.05.09"]
[Round "?"]
[White "Magee, Kerry"]
[Black "Carvalho, Mauro"]
[Result "0-1"]
[WhiteElo "1022"]
[BlackElo "1158"]
[PlyCount "32"]
[EventDate "2005.??.??"]
[EventType "tourn (corr)"]
[EventRounds "4"]
[SourceTitle "Corr 2020"]
[Source "ChessBase"]
[SourceDate "2019.09.30"]
[SourceVersion "1"]
[SourceVersionDate "2019.09.30"]
[SourceQuality "1"]
[WhiteTeam "United States"]
[BlackTeam "Brazil"]
[WhiteTeamCountry "USA"]
[BlackTeamCountry "BRA"]

1. Nf3 Nf6 2. g3 Nc6 3. Bg2 d5 4. 0-0 Bf5 5. d3 e6 6. e4 dxe4 7. Nfd2 exd3 8. c3 Bc5 9. b3 0-0 10. c4 Qd4 11. Nc3 Qxc3 12. Ba3 Bxa3 13. Re1 Qa5 14. Rf1 Bc5 15. Rc1 Nd4 16. Qe1 Ne2+ 0-1

[Event "IECC CL7-2005.01 email"]
[Site "IECC email"]
[Date "2005.01.11"]
[Round "?"]
[White "Carvalho, Mauro"]
[Black "Ballueder, Volker"]
[Result "1-0"]
[WhiteElo "1162"]
[BlackElo "957"]
[PlyCount "63"]
[EventDate "2005.??.??"]
[EventType "tourn (corr)"]
[EventRounds "4"]
[SourceTitle "Corr 2020"]
[Source "ChessBase"]
[SourceDate "2019.09.30"]
[SourceVersion "1"]
[SourceVersionDate "2019.09.30"]
[SourceQuality "1"]
[WhiteTeam "Brazil"]
[BlackTeam "England"]
[WhiteTeamCountry "BRA"]
[BlackTeamCountry "ENG"]

1. c4 c5 2. Nc3 Nf6 3. g3 Nc6 4. Bg2 e5 5. e3 d6 6. Nge2 Bg4 7. 0-0 Be7 8. h3 Bxe2 9. Nxe2 0-0 10. a3 e4 11. Nc3 h6 12. Nxe4 Re8 13. Nc3 a6 14. d4 cxd4 15. exd4 Rb8 16. Bf4 Qb6 17. d5 Nd4 18. Be3 Qxb2 19. Bxd4 Rbc8 20. Ne2 Qxa1 21. Qxa1 Rxc4 22. Rc1 Rec8 23. Rxc4 Rxc4 24. Qb2 b5 25. Nf4 g5 26. Nd3 Nd7 27. Nb4 Nb8 28. Bh8 Bf8 29. Bd4 Be7 30. Nc6 Nxc6 31. dxc6 h5 32. Bd5 1-0

[Event "IECC CL7-2003.16 email"]
[Site "IECC email"]
[Date "2003.07.18"]
[Round "?"]
[White "Paas, Christian"]
[Black "Carvalho, Mauro"]
[Result "1-0"]
[WhiteElo "1293"]
[BlackElo "1186"]
[PlyCount "93"]
[EventDate "2003.??.??"]
[EventType "tourn (corr)"]
[EventRounds "4"]
[SourceTitle "Corr 2008"]
[Source "ChessBase"]
[SourceDate "2008.06.24"]
[SourceVersion "1"]
[SourceVersionDate "2008.06.24"]
[SourceQuality "1"]

1. e4 e5 2. Nf3 Nc6 3. Nc3 Bb4 4. Bc4 Nf6 5. Ng5 d5 6. exd5 Na5 7. d3 Bxc3+ 8. bxc3 Nxc4 9. dxc4 Qd6 10. Qe2 Bf5 11. 0-0 h6 12. Nf3 Nd7 13. Bf4 f6 14. Nd4 Bg6 15. Ne6 Rg8 16. c5 Nxc5 17. Qb5+ c6 18. Qxc5 Qxc5 19. Nxc5 exf4 20. Rfe1+ Kf7 21. d6 Bxc2 22. Re7+ Kg6 23. d7 f5 24. Nxb7 Kf6 25. Re2 Be4 26. Rd1 Bd5 27. c4 Bxc4 28. Rd6+ Kg5 29. Re7 g6 30. d8Q Rgxd8 31. Rxd8 Rxd8 32. Nxd8 Bxa2 33. Rxa7 Bd5 34. f3 Kf6 35. Ra6 h5 36. h4 Kg7 37. Nxc6 Bc4 38. Rb6 Bf7 39. Rb7 Kf6 40. Rd7 Be8 41. Rd6+ Kg7 42. Ne5 Kh6 43. Re6 Bb5 44. Nxg6 Bc4 45. Rd6 Kh7 46. Nxf4 Bf7 47. Rf6 1-0

[Event "IECC CL7-2003.09 email"]
[Site "IECC email"]
[Date "2003.03.31"]
[Round "?"]
[White "Carvalho, Mauro"]
[Black "Richard, Andy"]
[Result "1-0"]
[WhiteElo "1149"]
[BlackElo "1027"]
[PlyCount "35"]
[EventDate "2003.??.??"]
[EventType "tourn (corr)"]
[EventRounds "4"]
[SourceTitle "Corr 2008"]
[Source "ChessBase"]
[SourceDate "2008.06.24"]
[SourceVersion "1"]
[SourceVersionDate "2008.06.24"]
[SourceQuality "1"]

1. d4 Nf6 2. c4 d6 3. Nf3 Bg4 4. Bg5 Nbd7 5. Qb3 Rb8 6. Nbd2 h6 7. Bh4 g5 8. Bg3 c5 9. e3 Qa5 10. Qc3 Qxc3 11. bxc3 Bg7 12. Be2 Nh5 13. 0-0 f5 14. h3 Nxg3 15. fxg3 Bh5 16. Bd3 e6 17. e4 Bxf3 18. Nxf3 1-0

[Event "IECC CL6-2002.35"]
[Site "IECC email"]
[Date "2003.01.10"]
[Round "?"]
[White "Laliga, Jose Olivier"]
[Black "Carvalho, Mauro"]
[Result "1-0"]
[WhiteElo "1344"]
[BlackElo "1168"]
[PlyCount "89"]
[EventDate "2002.??.??"]
[EventType "tourn (corr)"]
[EventRounds "4"]
[SourceTitle "Corr 2008"]
[Source "ChessBase"]
[SourceDate "2008.06.24"]
[SourceVersion "1"]
[SourceVersionDate "2008.06.24"]
[SourceQuality "1"]

1. e4 e5 2. Nf3 Nf6 3. d4 exd4 4. e5 Ne4 5. Qxd4 d5 6. exd6 Nxd6 7. Bd3 Nc6 8. Qf4 Qe7+ 9. Be3 Be6 10. 0-0 h6 11. Re1 g5 12. Qa4 Bg7 13. Nd4 Bd7 14. Nxc6 Bxc6 15. Qb4 0-0 16. Bd4 Qd7 17. Bxg7 Kxg7 18. Qd4+ Kg8 19. Nc3 Rfe8 20. Rad1 Rxe1+ 21. Rxe1 Re8 22. Rxe8+ Qxe8 23. Kf1 a6 24. a4 b5 25. h4 bxa4 26. hxg5 hxg5 27. Qf6 Ne4 28. Nxe4 Bxe4 29. Qxg5+ Bg6 30. f4 Kf8 31. f5 Bxf5 32. Qxf5 Qc6 33. g3 Qh1+ 34. Ke2 Qh2+ 35. Kf3 Qh1+ 36. Kg4 Qd1+ 37. Qf3 Qd2 38. Qa8+ Kg7 39. Qd5 Qb4+ 40. Bc4 Qxb2 41. Qxf7+ Kh6 42. Qe6+ Kg7 43. Qe7+ Kh6 44. Qg5+ Kh7 45. Bd3+ 1-0

[Event "IECC CL6-2002.28"]
[Site "IECC email"]
[Date "2002.09.20"]
[Round "?"]
[White "Legarda Iturrioz, Jose Javier"]
[Black "Carvalho, Mauro"]
[Result "1-0"]
[WhiteElo "1376"]
[BlackElo "1217"]
[PlyCount "59"]
[EventDate "2002.??.??"]
[EventType "tourn (corr)"]
[EventRounds "4"]
[SourceTitle "Corr 2008"]
[Source "ChessBase"]
[SourceDate "2008.06.24"]
[SourceVersion "1"]
[SourceVersionDate "2008.06.24"]
[SourceQuality "1"]

1. e4 e5 2. Nf3 Nf6 3. Nxe5 d6 4. Nf3 Nxe4 5. d4 Nf6 6. Bd3 Be7 7. 0-0 0-0 8. h3 c6 9. c4 Nbd7 10. Nc3 Re8 11. Qc2 Nf8 12. Bg5 Bxh3 13. gxh3 Nh5 14. Be3 g6 15. Ne4 Qd7 16. Kh2 d5 17. Ng3 Bd6 18. Qd2 Qc7 19. Rg1 Ne6 20. c5 Bf8 21. Ne5 Nhf4 22. Bxf4 Nxf4 23. Qxf4 Bg7 24. Nxg6 Qa5 25. Ne5 Qc7 26. Nf5 Rxe5 27. Rxg7+ Kh8 28. dxe5 b6 29. Qh6 Qxe5+ 30. f4 1-0

[Event "IECC CL6-2002.19"]
[Site "IECC email"]
[Date "2002.06.12"]
[Round "?"]
[White "Bari, Mohammad"]
[Black "Carvalho, Mauro"]
[Result "1-0"]
[WhiteElo "1305"]
[BlackElo "1210"]
[PlyCount "73"]
[EventDate "2002.??.??"]
[EventType "tourn (corr)"]
[EventRounds "4"]
[SourceTitle "Corr 2008"]
[Source "ChessBase"]
[SourceDate "2008.06.24"]
[SourceVersion "1"]
[SourceVersionDate "2008.06.24"]
[SourceQuality "1"]

1. e4 c6 2. c4 d5 3. cxd5 cxd5 4. exd5 Nf6 5. Qa4+ Bd7 6. Qb3 Qc7 7. Nc3 g6 8. d4 Bg7 9. Bd3 0-0 10. Nge2 Ng4 11. Bf4 Qb6 12. Qxb6 axb6 13. 0-0 Na6 14. Be4 f5 15. Bf3 Ra7 16. d6 e6 17. a3 Rfa8 18. Rfd1 Nb4 19. Rac1 Nc6 20. Nb5 Ra5 21. Nc7 Rc8 22. Rd2 Nxd4 23. Nxd4 e5 24. Bxb7 Rf8 25. Bc6 Nf6 26. b4 Rxa3 27. Bxe5 Bh6 28. f4 Bxc6 29. Nxc6 Nd7 30. Nd5 Kf7 31. Re2 Rd3 32. Bd4 Re8 33. Rxe8 Kxe8 34. Re1+ Kf8 35. Re7 Nb8 36. Nxb8 Rxd4 37. Nd7+ 1-0

[Event "IECC CL6-2002.13"]
[Site "IECC email"]
[Date "2002.04.07"]
[Round "?"]
[White "Carvalho, Mauro"]
[Black "Parwicz, Witold"]
[Result "0-1"]
[WhiteElo "1204"]
[BlackElo "1433"]
[PlyCount "28"]
[EventDate "2002.??.??"]
[EventType "tourn (corr)"]
[EventRounds "4"]
[SourceTitle "Corr 2008"]
[Source "ChessBase"]
[SourceDate "2008.06.24"]
[SourceVersion "1"]
[SourceVersionDate "2008.06.24"]
[SourceQuality "1"]

1. e4 e6 2. d4 d5 3. Nc3 Nf6 4. Bg5 Bb4 5. e5 h6 6. Bd2 Bxc3 7. bxc3 Ne4 8. Qg4 g6 9. Bc1 c5 10. Bd3 cxd4 11. cxd4 Qa5+ 12. Kf1 Qc3 13. Rb1 Qxd4 14. Ne2 Qxf2# 0-1

[Event "IECC CL6-2002.13"]
[Site "IECC email"]
[Date "2002.04.07"]
[Round "?"]
[White "Carvalho, Mauro"]
[Black "Russo, Gigi"]
[Result "0-1"]
[WhiteElo "1197"]
[BlackElo "1295"]
[PlyCount "68"]
[EventDate "2002.??.??"]
[EventType "tourn (corr)"]
[EventRounds "4"]
[SourceTitle "Corr 2008"]
[Source "ChessBase"]
[SourceDate "2008.06.24"]
[SourceVersion "1"]
[SourceVersionDate "2008.06.24"]
[SourceQuality "1"]

1. e4 e5 2. Nf3 Nc6 3. Bc4 Nf6 4. Ng5 d5 5. exd5 Na5 6. Bb5+ c6 7. dxc6 bxc6 8. Be2 h6 9. Nf3 e4 10. Ne5 Bd6 11. f4 exf3 12. Nxf3 0-0 13. d4 c5 14. 0-0 Re8 15. Kh1 Bb7 16. Nc3 Ng4 17. d5 Nxh2 18. Nxh2 Qh4 19. Bf4 Bxf4 20. Rxf4 Qxf4 21. Qd3 Qb4 22. Bh5 Re5 23. Bxf7+ Kxf7 24. Rf1+ Kg8 25. Qg6 Kh8 26. Nf3 Rf8 27. Qd3 Rh5+ 28. Kg1 Nc4 29. Qg6 Rhf5 30. Re1 Nd2 31. Nh2 Qd4+ 32. Kh1 Qh4 33. g3 Qh3 34. Kg1 Rf2 0-1

[Event "IECC CL6-2002.13"]
[Site "IECC email"]
[Date "2002.04.07"]
[Round "?"]
[White "Oliveira, Ricardo Jorge GB"]
[Black "Carvalho, Mauro"]
[Result "1-0"]
[WhiteElo "1382"]
[BlackElo "1224"]
[PlyCount "67"]
[EventDate "2002.??.??"]
[EventType "tourn (corr)"]
[EventRounds "4"]
[SourceTitle "Corr 2008"]
[Source "ChessBase"]
[SourceDate "2008.06.24"]
[SourceVersion "1"]
[SourceVersionDate "2008.06.24"]
[SourceQuality "1"]

1. e4 c6 2. d4 d5 3. e5 Bf5 4. Nc3 e6 5. g4 Bg6 6. Nge2 h6 7. h4 Bb4 8. h5 Bh7 9. a3 Qa5 10. Rg1 Bxc3+ 11. Nxc3 c5 12. Bb5+ Nc6 13. dxc5 a6 14. Bxc6+ bxc6 15. g5 hxg5 16. Rxg5 Ne7 17. Rxg7 Bg6 18. Qf3 Rxh5 19. Bf4 0-0-0 20. 0-0-0 Nf5 21. Rxg6 fxg6 22. Qd3 Rh4 23. Bg5 Rd4 24. Bxd8 Rxd3 25. Bxa5 Rf3 26. Rg1 Ne7 27. Rh1 Rf8 28. f4 Nf5 29. Ne2 Rg8 30. Rh7 Ng7 31. Nd4 Nh5 32. Rc7+ Kb8 33. Nxc6+ Ka8 34. Ra7# 1-0

[Event "IECC CL6-2002.08"]
[Site "IECC email"]
[Date "2002.03.05"]
[Round "?"]
[White "Carvalho, Mauro"]
[Black "Soule, Larry P"]
[Result "0-1"]
[WhiteElo "1267"]
[BlackElo "1133"]
[PlyCount "112"]
[EventDate "2002.??.??"]
[EventType "tourn (corr)"]
[EventRounds "4"]
[SourceTitle "Corr 2008"]
[Source "ChessBase"]
[SourceDate "2008.06.24"]
[SourceVersion "1"]
[SourceVersionDate "2008.06.24"]
[SourceQuality "1"]

1. c4 e6 2. Nf3 Nf6 3. d4 d5 4. Bg5 Be7 5. Nc3 0-0 6. e3 h6 7. Bh4 b6 8. cxd5 Nxd5 9. Bxe7 Qxe7 10. Nxd5 exd5 11. Rc1 Be6 12. Qa4 c5 13. Qa3 Rc8 14. Be2 Kf8 15. 0-0 a5 16. Ne5 Nc6 17. Nd3 c4 18. Qxe7+ Kxe7 19. Nf4 b5 20. Nxe6 fxe6 21. a3 a4 22. Bg4 b4 23. f4 bxa3 24. bxa3 Rcb8 25. Rf3 Rb3 26. Ra1 g6 27. Rh3 h5 28. Bd1 Kf6 29. Bxb3 axb3 30. e4 Nxd4 31. exd5 exd5 32. Kf2 Nc2 33. Rb1 Nxa3 34. Rb2 Nb5 35. Re3 d4 36. Re1 Ra2 37. Rxa2 bxa2 38. Ra1 Nc3 39. Ke1 h4 40. Kd2 Kf5 41. Kc2 Kxf4 42. Kb2 g5 43. Rf1+ Ke3 44. Kc2 Ke2 45. Ra1 Kf2 46. g3 hxg3 47. hxg3 Kxg3 48. Kb2 g4 49. Rg1+ Kf3 50. Rf1+ Ke2 51. Rf4 g3 52. Rg4 a1Q+ 53. Kxa1 d3 54. Kb2 d2 55. Rxg3 d1Q 56. Kxc3 Qd3+ 0-1

[Event "IECC CL6-2001.37"]
[Site "IECC email"]
[Date "2001.12.20"]
[Round "?"]
[White "Carvalho, Mauro"]
[Black "Popp, Tony"]
[Result "0-1"]
[WhiteElo "1291"]
[BlackElo "1326"]
[PlyCount "54"]
[EventDate "2001.??.??"]
[EventType "tourn (corr)"]
[EventRounds "4"]
[SourceTitle "Corr 2008"]
[Source "ChessBase"]
[SourceDate "2008.06.24"]
[SourceVersion "1"]
[SourceVersionDate "2008.06.24"]
[SourceQuality "1"]

1. c4 c5 2. Nf3 Nf6 3. Nc3 e6 4. e4 d5 5. cxd5 exd5 6. exd5 Nxd5 7. Bc4 Qe7+ 8. Qe2 Qxe2+ 9. Nxe2 Nb4 10. 0-0 Nc2 11. Rb1 Bf5 12. d3 Nc6 13. Ng3 Bg6 14. Nh4 0-0-0 15. Nxg6 fxg6 16. Bg5 Be7 17. Bxe7 Nxe7 18. Ne4 b6 19. Ng5 Rhe8 20. Nxh7 Nd5 21. Rbc1 Nd4 22. Ng5 Ne2+ 23. Kh1 Nxc1 24. Rxc1 Re2 25. b4 Nxb4 26. Ne4 Nxd3 27. Rf1 Rxe4 0-1

[Event "IECC CL6-2001.37"]
[Site "IECC email"]
[Date "2001.12.20"]
[Round "?"]
[White "Parwicz, Witold"]
[Black "Carvalho, Mauro"]
[Result "1-0"]
[WhiteElo "1318"]
[BlackElo "1281"]
[PlyCount "75"]
[EventDate "2001.??.??"]
[EventType "tourn (corr)"]
[EventRounds "4"]
[SourceTitle "Corr 2008"]
[Source "ChessBase"]
[SourceDate "2008.06.24"]
[SourceVersion "1"]
[SourceVersionDate "2008.06.24"]
[SourceQuality "1"]

1. d4 Nf6 2. c4 g6 3. Nc3 Bg7 4. e4 d6 5. Nf3 0-0 6. Be2 c5 7. 0-0 cxd4 8. Nxd4 Nc6 9. Be3 Bd7 10. f4 e5 11. Nxc6 Bxc6 12. fxe5 dxe5 13. Qxd8 Raxd8 14. Bg5 Rd4 15. Bxf6 Bxf6 16. Rxf6 Kg7 17. Rf2 Bxe4 18. Nxe4 Rxe4 19. Rd1 Rd4 20. Rxd4 exd4 21. Bf3 b6 22. Rd2 Rd8 23. Bd5 b5 24. b3 bxc4 25. bxc4 Rb8 26. Kf2 a5 27. Ke2 a4 28. Kd3 a3 29. Kxd4 Rb6 30. c5 Rb4+ 31. Ke5 f5 32. c6 Rb2 33. c7 Rxd2 34. c8Q Re2+ 35. Kf4 Re7 36. Qg8+ Kh6 37. Qf8+ Rg7 38. h4 1-0

[Event "IECC KO email"]
[Site "IECC email"]
[Date "2001.11.30"]
[Round "?"]
[White "Carvalho, Mauro"]
[Black "Vio, Mauro"]
[Result "0-1"]
[WhiteElo "1259"]
[BlackElo "1540"]
[PlyCount "84"]
[EventDate "2001.??.??"]
[EventType "tourn (corr)"]
[EventRounds "6"]
[SourceTitle "Corr 2008"]
[Source "ChessBase"]
[SourceDate "2008.06.24"]
[SourceVersion "1"]
[SourceVersionDate "2008.06.24"]
[SourceQuality "1"]

1. c4 e5 2. Nc3 Nc6 3. g3 Bc5 4. Bg2 Nf6 5. e3 0-0 6. Nge2 Re8 7. 0-0 e4 8. d4 exd3 9. Nf4 Bb4 10. Ncd5 Nxd5 11. Bxd5 Ne7 12. Bg2 Ba5 13. Qxd3 d6 14. b3 Bf5 15. Qe2 c6 16. Bb2 Ng6 17. Nh5 Ne5 18. Bxe5 Rxe5 19. f4 Re7 20. g4 Bg6 21. Ng3 Bb6 22. Rf3 Qe8 23. Re1 f6 24. h3 Rd8 25. f5 Bf7 26. Kh2 d5 27. e4 dxc4 28. bxc4 Red7 29. Nf1 Qe5+ 30. Kh1 Qc5 31. Ne3 Rd2 32. Qf1 Rxa2 33. Rc1 Rad2 34. h4 Qe5 35. Rh3 R8d3 36. Re1 Bxc4 37. Qf3 Rxe3 38. Rxe3 Bxe3 39. g5 Qa1+ 40. Kh2 Qg1+ 41. Kg3 Rf2 42. gxf6 Rxf3+ 0-1

[Event "IECC KO email"]
[Site "IECC email"]
[Date "2001.08.12"]
[Round "?"]
[White "Carvalho, Mauro"]
[Black "Merani, Valerio"]
[Result "0-1"]
[WhiteElo "1270"]
[BlackElo "1513"]
[PlyCount "98"]
[EventDate "2001.??.??"]
[EventType "tourn (corr)"]
[EventRounds "6"]
[SourceTitle "Corr 2008"]
[Source "ChessBase"]
[SourceDate "2008.06.24"]
[SourceVersion "1"]
[SourceVersionDate "2008.06.24"]
[SourceQuality "1"]

1. e4 c5 2. Nf3 d6 3. d4 cxd4 4. Nxd4 Nf6 5. Nc3 a6 6. Be2 e5 7. Nb3 Be7 8. Be3 0-0 9. 0-0 b5 10. a3 Bb7 11. Qd3 Nbd7 12. f4 Qc7 13. Rad1 Rfd8 14. Bf3 Nc5 15. Nxc5 dxc5 16. Nd5 Nxd5 17. exd5 exf4 18. Bxf4 Qxf4 19. Be4 Qh6 20. Rf3 Bc8 21. Rdf1 Bd6 22. h3 Rf8 23. b3 f5 24. Bxf5 Bxf5 25. Rxf5 Rxf5 26. Qxf5 Rf8 27. Qd3 Rxf1+ 28. Qxf1 Qf4 29. Qxf4 Bxf4 30. c4 Kf7 31. Kf2 Kf6 32. Kf3 Bd6 33. Ke4 g6 34. Kd3 Kf5 35. cxb5 axb5 36. a4 bxa4 37. bxa4 Kf6 38. a5 Ke7 39. a6 Bb8 40. Kc4 Kd6 41. h4 h6 42. Kb5 Kxd5 43. Kb6 Kd6 44. Kb7 Ba7 45. g4 c4 46. Kxa7 Kc7 47. g5 hxg5 48. hxg5 c3 49. Ka8 Kb6 0-1

[Event "IECC CL6-2001.25"]
[Site "IECC email"]
[Date "2001.08.04"]
[Round "?"]
[White "Colard, Eric"]
[Black "Carvalho, Mauro"]
[Result "0-1"]
[WhiteElo "1182"]
[BlackElo "1311"]
[PlyCount "52"]
[EventDate "2001.??.??"]
[EventType "tourn (corr)"]
[EventRounds "4"]
[SourceTitle "Corr 2008"]
[Source "ChessBase"]
[SourceDate "2008.06.24"]
[SourceVersion "1"]
[SourceVersionDate "2008.06.24"]
[SourceQuality "1"]

1. d4 Nf6 2. Nf3 d5 3. c4 e6 4. Bg5 Bb4+ 5. Nbd2 dxc4 6. Qa4+ Nc6 7. e3 Qd5 8. Bxf6 gxf6 9. a3 Bxd2+ 10. Nxd2 b5 11. Qc2 e5 12. e4 Qxd4 13. Nf3 Qb6 14. a4 Qa5+ 15. Nd2 Nd4 16. Qd1 Nb3 17. Ra2 Bb7 18. Be2 0-0-0 19. 0-0 Nxd2 20. Qc2 Nxf1 21. Bxf1 Qe1 22. Qe2 Qb1 23. b4 Rd1 24. f3 Rhd8 25. axb5 Rxf1+ 26. Qxf1 Rd1 0-1

[Event "IECC CL6-2001.19"]
[Site "IECC email"]
[Date "2001.06.13"]
[Round "?"]
[White "Wey, Geoffrey"]
[Black "Carvalho, Mauro"]
[Result "0-1"]
[WhiteElo "1363"]
[BlackElo "1306"]
[PlyCount "52"]
[EventDate "2001.??.??"]
[EventType "tourn (corr)"]
[EventRounds "4"]
[SourceTitle "Corr 2008"]
[Source "ChessBase"]
[SourceDate "2008.06.24"]
[SourceVersion "1"]
[SourceVersionDate "2008.06.24"]
[SourceQuality "1"]

1. e4 c5 2. f4 e6 3. Nf3 Nc6 4. Bb5 Qc7 5. Bxc6 bxc6 6. d3 d5 7. 0-0 Be7 8. c4 d4 9. Qe1 Rb8 10. Qg3 g6 11. Nbd2 Nf6 12. Ne5 Nh5 13. Qg4 f5 14. Qf3 0-0 15. exf5 Rxf5 16. Qxc6 Qd6 17. Ne4 Qd8 18. Nxc5 Rb6 19. Qf3 Bxc5 20. g4 Qh4 21. gxf5 Bb7 22. Qf2 Qh3 23. Nf3 Qxf5 24. Bd2 Qxd3 25. Ne5 Qe4 26. Qf3 d3+ 0-1

[Event "IECC CL6-2001.17"]
[Site "IECC email"]
[Date "2001.05.21"]
[Round "?"]
[White "Carvalho, Mauro"]
[Black "Colliver, Scott"]
[Result "1-0"]
[WhiteElo "1265"]
[BlackElo "1326"]
[PlyCount "29"]
[EventDate "2001.??.??"]
[EventType "tourn (corr)"]
[EventRounds "4"]
[SourceTitle "Corr 2008"]
[Source "ChessBase"]
[SourceDate "2008.06.24"]
[SourceVersion "1"]
[SourceVersionDate "2008.06.24"]
[SourceQuality "1"]

1. e4 e5 2. Nf3 Nf6 3. Nxe5 d6 4. Nf3 Nxe4 5. d4 d5 6. Bd3 Bd6 7. 0-0 0-0 8. c4 c6 9. cxd5 cxd5 10. Nc3 Nxc3 11. bxc3 Bg4 12. Rb1 Qc7 13. h3 Bxf3 14. Qxf3 Qxc3 15. Bxh7+ 1-0

[Event "IECC O email"]
[Site "IECC email"]
[Date "2001.03.11"]
[Round "?"]
[White "Carvalho, Mauro"]
[Black "Hargreaves, John Richard"]
[Result "1-0"]
[WhiteElo "1218"]
[BlackElo "1184"]
[PlyCount "51"]
[EventDate "2001.??.??"]
[EventType "tourn (corr)"]
[EventRounds "6"]
[SourceTitle "Corr 2008"]
[Source "ChessBase"]
[SourceDate "2008.06.24"]
[SourceVersion "1"]
[SourceVersionDate "2008.06.24"]
[SourceQuality "1"]

1. e4 e5 2. Nf3 Nf6 3. Nxe5 d6 4. Nf3 Nxe4 5. d4 d5 6. Bd3 Nd6 7. 0-0 Be7 8. b3 0-0 9. c4 Bf5 10. c5 Bxd3 11. Qxd3 Ne8 12. Nc3 a6 13. b4 c6 14. a4 Nf6 15. a5 Nbd7 16. Re1 Re8 17. Ra2 Bf8 18. Bg5 Qc7 19. Rae2 Rxe2 20. Nxe2 Re8 21. Bf4 Qd8 22. h3 Qe7 23. Ng3 Qd8 24. Ne5 Qe7 25. Re2 g6 26. Nxc6 1-0

[Event "IECC CL6-2002.06"]
[Site "IECC email"]
[Date "2001.02.14"]
[Round "?"]
[White "Carvalho, Mauro"]
[Black "Bunce, Clayton G"]
[Result "0-1"]
[WhiteElo "1198"]
[BlackElo "1222"]
[PlyCount "82"]
[EventDate "2002.??.??"]
[EventType "tourn (corr)"]
[EventRounds "4"]
[SourceTitle "Corr 2008"]
[Source "ChessBase"]
[SourceDate "2008.06.24"]
[SourceVersion "1"]
[SourceVersionDate "2008.06.24"]
[SourceQuality "1"]

1. c4 e5 2. Nc3 Nf6 3. g3 d5 4. cxd5 Nxd5 5. Qb3 Nxc3 6. bxc3 Be7 7. Bg2 c6 8. e3 0-0 9. Ne2 Be6 10. Qxb7 Nd7 11. Qxc6 Rc8 12. Qa4 a5 13. 0-0 Nc5 14. Qc2 Nd3 15. Be4 Bh3 16. Bxd3 Bxf1 17. Kxf1 g6 18. Bb2 Rb8 19. c4 Rxb2 20. Qxb2 Qxd3 21. Qxe5 Bb4 22. Qd4 Qc2 23. Nc3 Rc8 24. a3 Bxa3 25. Kg2 Bb4 26. Ne4 Qxc4 27. Qxc4 Rxc4 28. d3 Rc2 29. Nf6+ Kg7 30. Nd5 Bd2 31. Kf3 h5 32. h4 Rb2 33. Ke4 f6 34. Nc7 f5+ 35. Ke5 Bc3+ 36. Ke6 Rb6+ 37. Kd7 Bxa1 38. d4 Rb7 39. d5 Be5 40. d6 a4 41. Kc6 Rxc7+ 0-1